Statistieken voor Verenigd Koninkrijk Trivia Quiz

Klik hier om de quiz te nemen!

Algemene statistieken

  • Deze quiz is 1.785 keer genomen
  • De gemiddelde score is 15 van 24

Antwoordstatistieken

HintAntwoord% Correct
Het enige land dat grenst aan het VK
(exclusief territoria)
Ierland
99%
Vier landen die het VK vormenSchotland
98%
Vier landen die het VK vormenEngeland
97%
Hoofdsteden van de bovenstaandeLonden
97%
Vier landen die het VK vormenWales
96%
Vier landen die het VK vormenNoord-Ierland
89%
Huidige koningCharles III
85%
Valuta van het VKPond Sterling
85%
Hoogste voetbalcompetitie van land #1Premier League
68%
Oudste universiteitOxford
65%
Hoofdsteden van de bovenstaandeEdinburgh
62%
Water dat Frankrijk
scheidt van Groot-Brittannië
Het Kanaal
60%
Hoofdverblijf van de bovenstaandeBuckingham Palace
58%
Huidige premierBoris Johnson
57%
Hoofdsteden van de bovenstaandeBelfast
54%
Drukste luchthavenLondon Heathrow
53%
Land waar de meeste in het buitenland
geboren Britse inwoners vandaan komen
India
52%
Hoofdsteden van de bovenstaandeCardiff
51%
VolksliedGod Save the Queen
49%
De twee huizen van het parlementHouse of {Lords}
33%
De twee huizen van het parlementHouse of {Commons}
32%
Hoogste gebouwThe Shard
21%
Hoogste bergBen Nevis
18%
Langste rivierSevern
15%

Scoreverdeling

Percentiel versus Aantal Correcte Antwoorden

Procent van Mensen met Elke Score

Uw Scoregeschiedenis

U heeft deze quiz nog niet genomen